| 000 | 02975nam a2200325 4500 | ||
|---|---|---|---|
| 001 | 113895 | ||
| 003 | DR-UNIBE | ||
| 005 | 20250717144204.0 | ||
| 008 | 250717b2011 dr ||||| |||| 00| 0 spa d | ||
| 020 | _a9789945481068 | ||
| 040 |
_aBIBLIOTECA UNIBE _bspa _cBIBLIOTECA UNIBE |
||
| 041 |
_aspa _hspa |
||
| 082 |
_222 _aRD 346.7293043 M737L 2011 |
||
| 100 | 1 |
_aMonción, Segundo E., _d1966- _eautor _9197429 |
|
| 245 | 1 | 3 |
_aLa litis, los incidentes y la demanda en referimiento en la jurisdicción inmobiliaria : _bformularios y jurisprudencias / _cSegundo E. Monción |
| 250 | _aSegunda edición corregida, actualizada y ampliada a cinco capítulos adicionales | ||
| 260 |
_aSanto Domingo, República Dominicana : _b[Editor no identificado], _c2011 |
||
| 300 |
_a611 páginas ; _c24 cm |
||
| 490 | _aDerecho procesal inmobiliario | ||
| 504 | _aIncluye referencias bibliográficas (páginas: 605-611) e índice | ||
| 505 | 0 | _aPrólogo | Introducción | Exordio | Capítulo I. La Litis sobre derechos registrados | Capítulo II. Competencia general de la jurisdicción inmobiliaria | Capítulo III. Nulidad del decreto que declara de utilidad pública un inmueble y procedimiento de expropiación | Capítulo IV. De las audiencias | Capítulo V. La simulación de los actos jurídicos | Capítulo VI. La lesión en terreno registrado | Capítulo VII. Tercer adquiriente a título oneroso y de buena fe | Capítulo VIII. La prueba en la jurisdicción inmobiliaria | Capítulo IX. Los incidentes | Capítulo X. Los incidentes de la prueba literal | Capítulo XI. Los incidentes de la instancia | Capítulo XII. Las excepciones del procedimiento | Capítulo XIII. Los medios de inadmisión | Capítulo XIV. La acumulación de los incidentes | Capítulo XV. La supletoriedad del derecho común | Capítulo XVI. Acciones que siguen el procedimiento de la litis sin ser una verdadera litis sobre derechos registrados | Capítulo XVII. La acción en justicia | Capítulo XVIII. Los incidentes relativos a la variación de las pretensiones de las partes | Capítulo XIX. Las astreintes por ante la jurisdicción inmobiliaria | Capítulo XX. El referimiento en la jurisdicción inmobiliaria | Capítulo XXI. Regularización parcelaria y el deslinde | Capítulo XXII. El deslinde litigioso | Capítulo XXIII. La actualización parcelaria y registral de inmuebles complejos | Capítulo XXIV. La reapertura de los debates | Capítulo XXV. Las costas y los honorarios | Capítulo XXVI. El concubinato | Bibliografía | |
| 650 | 7 |
_2lemb _aBienes raíces _xAspectos jurídicos _zRepública Dominicana _9197459 |
|
| 650 | 7 |
_2lemb _aRegistro de la propiedad _zRepública Dominicana _92563 |
|
| 650 | 7 |
_2lemb _aDemanda de propiedades _9197460 |
|
| 650 | 7 |
_2lemb _aProcesos (Derecho) |
|
| 650 | 7 |
_2lemb _aFormularios legales _921651 |
|
| 650 | 7 |
_2lemb _aRecursos administrativos _930720 |
|
| 700 | 1 |
_aSubero Isa, Jorge A., _d1947- _eprologuista |
|
| 942 |
_2ddc _cBK |
||
| 999 |
_c113895 _d113895 |
||